Tribhuvan University Central Library
Normal view MARC view
  • Nigerian novel.

Entry Topical Term

Number of records used in: 1

001 - CONTROL NUMBER

  • control field: 14115

003 - CONTROL NUMBER IDENTIFIER

  • control field: OSt

005 - DATE AND TIME OF LATEST TRANSACTION

  • control field: 20110201115951.0

008 - FIXED-LENGTH DATA ELEMENTS

  • fixed length control field: 110201|||a|||||| | ||| d

040 ## - CATALOGING SOURCE

  • Original cataloging agency: OSt
  • Transcribing agency: OSt

150 ## - HEADING--TOPICAL TERM

  • Topical term or geographic name as entry element: Nigerian novel.

670 ## - SOURCE DATA FOUND

  • Source citation: Work cat.: (OSt)0: Achebe, Chinua. 14114, Girls at war and other stories /, 1991.

670 ## - SOURCE DATA FOUND

  • Source citation: Work cat.: (OSt)0: Achebe, Chinua. 14114, Girls at war and other stories /, 1991.